000 00729nam a2200181 i 4500
001 182459
003 ES-MaACL
005 20230906221620.0
008 130816s1988 cl |||| | spa d
100 1 _aZegers Ariztía, Cristián.
_9153269
245 1 0 _aEl diario considerado como institución
_b: [discurso de incorporación del académico] /
_cCristián Zegers Ariztía ; [contestación] Carlos Martínez Sotomayor.
260 _aSantiago de Chile :
_bEditorial Universitaria,
_c[1988]
300 _a33 p. ;
_c27 cm.
594 _aPrecede al tít.: Instituto de Chile, Academia Chilena de Ciencias Sociales.
650 0 4 _aPrensa.
_916351
700 1 _aMartínez Sotomayor, Carlos.
_9153270
852 _aES-MaACL
_j2325-F-21
999 _c182459
_d182459